Statistics for TV Show Theme Songs

Click here to take the quiz!

General Stats

  • This quiz has been taken 112 times
  • The average score is 5 of 15

Answer Stats

HintAnswer% Correct
Ooh, who lives in a pineapple under the sea?Spongebob Squarepants
92%
So no one told you life was gonna be this wayFriends
84%
Our whole universe was in a hot, dense stateBig Bang Theory
81%
They're creepy and they're kookyThe Addams Family
66%
Yubba dubba dooFlintstones
62%
Making your way in the world todayCheers
34%
Hey baby, I hear the blues a-callin'Frasier
30%
Yes, no, maybe; I don't knowMalcolm in the Middle
20%
Now the story of a wealthy family who lost everythingArrested Development
14%
Nobody else is stronger than I amYoung Sheldon
14%
Hey Hey! Hey Hey! Hey Hey! Hey Hey! Hey!
Modern Family
9%
Shed a smoke, broken in, Tale of woe oh oh...
How I met Your Mother
8%
We're not going out; Not staying in; Just running around with my head in a spin;
Not Going Out
5%
Come with us now on a journey through time and spaceThe Mighty Boosh
5%
I change shapes just to hide in this place, But I’m still, I’m still an animalFriday Night Dinner
3%

Score Distribution

Percentile by Number Answered

Percent of People with Each Score

Your Score History

You have not taken this quiz